000 00506nam a22001697a 4500
005 20251127092310.0
008 251127b |||||||| |||| 00| 0 eng d
020 _a978-1-4548-3683-4
100 _aWHALEY, DOUGLAS J.
245 _aPROBLEMS AND MATERIALS ON CONSUMER LAW
250 _a7TH ED
260 _aNEWYORK
_bWOLTERS KLUWER AND BUSINESS
_c2013
300 _aXXVIII, 784P
500 _aINCLUDES INDEX
650 _a1. CONSUMER PROTECTION - LAW AND LEGISLATION - UNITED STATES
942 _2lcc
_cBK
999 _c216302
_d216302